|
|
|
|
| LEADER |
00000ngm a2200000 a 4500 |
| 001 |
vtls010193860 |
| 003 |
SK-MaSNL |
| 005 |
20260302011504.0 |
| 007 |
vd cvaizs |
| 008 |
101202s2008 xo 000 g vlslo |
| 015 |
|
|
|a SNBJ2011/03-02330
|
| 040 |
|
|
|a SNK
|b slo
|c SNK
|e AACR2
|
| 041 |
0 |
|
|a slo
|
| 043 |
|
|
|a e-xo---
|
| 044 |
|
|
|a xo
|c SK
|
| 072 |
|
7 |
|a 656.2
|x Železničná doprava
|2 konspekt
|
| 080 |
|
|
|a 653.21
|2 2001
|
| 080 |
|
|
|a (437.6)
|2 2001
|
| 080 |
|
|
|a (0.034.44)
|2 2001
|
| 245 |
0 |
0 |
|a 4. narodeniny VLAKY.NET
|h videozáznam
|b 3.5.2008 MOs Košice - Plešivec - Slavošovce
|c [réžia] Ivan Wlachovský
|
| 246 |
1 |
0 |
|a VLAKY.NET
|
| 246 |
3 |
1 |
|a Štvrté narodeniny VLAKY.NET
|
| 260 |
|
|
|a [Hamuliakovo]
|b FIVE STAR
|c 2008
|
| 300 |
|
|
|a 1 videodisk (DVD)
|b fareb., zvuk.
|c 12 cm
|
| 500 |
|
|
|a Názov z disku
|
| 650 |
0 |
7 |
|a železnice
|2 SNKPH
|9 20511
|
| 650 |
0 |
7 |
|a železničná doprava
|2 SNKPH
|9 3185
|
| 650 |
0 |
7 |
|a železničné trate
|2 SNKPH
|9 4210
|
| 651 |
|
7 |
|a Slovensko
|2 SNKPH
|
| 655 |
|
7 |
|a DVD
|2 SNKPH
|9 70751
|
| 700 |
1 |
|
|a Wlachovský, Ivan
|4 drt
|9 544782
|
| 999 |
|
|
|c 1006321
|d 1008251
|
| 952 |
|
|
|a SNK
|b SNK
|y PREZ
|7 0
|p 17A0681424
|o snkSDVD 208/4
|i snk2010/26639
|8 0
|0 0
|1 0
|4 0
|d 2010-12-02
|l 0
|r 2026-02-24 12:35:51
|w 2026-02-24
|